000 00578nam a22001817a 4500
003 NUST - PNEC
005 20170116180812.0
008 150504b xxu||||| |||| 00| 0 eng d
020 _a8129705117
040 _cLIBRARY
082 _a363.2876 SWE
100 _93413
_aSweet, Kathleen M.
245 _aAviation and airport security : terrorism and safety concerns
_cKhathleen M. Sweet
260 _aNew Delhi:
_bPearson Education Ltd.,
_cc2004.
300 _a368 p. :
_c24 cm.
650 _93415
_aTerrorism and prevention, Airport security measures
_xGeneral
942 _2ddc
_cBK
999 _c63396
_d63396